<?xml version="1.0" encoding="UTF-8"?>
<record
    xmlns:xsi="http://www.w3.org/2001/XMLSchema-instance"
    xsi:schemaLocation="http://www.loc.gov/MARC21/slim http://www.loc.gov/standards/marcxml/schema/MARC21slim.xsd"
    xmlns="http://www.loc.gov/MARC21/slim">

  <leader>01093nam a2200265Ia 4500</leader>
  <controlfield tag="005">20231102151424.0</controlfield>
  <controlfield tag="008">121028s99992003mx     g      000 0 esp d</controlfield>
  <datafield tag="020" ind1=" " ind2=" ">
    <subfield code="a">968-23-0316-8</subfield>
  </datafield>
  <datafield tag="040" ind1=" " ind2=" ">
    <subfield code="e">RDA</subfield>
  </datafield>
  <datafield tag="050" ind1=" " ind2=" ">
    <subfield code="a">LA421 R62 2003</subfield>
  </datafield>
  <datafield tag="100" ind1="1" ind2="0">
    <subfield code="a">ROBLES, Martha </subfield>
  </datafield>
  <datafield tag="245" ind1="1" ind2="0">
    <subfield code="a">Educaci&#xF3;n y sociedad en la historia de M&#xE9;xico</subfield>
    <subfield code="c"> / Martha Robles</subfield>
    <subfield code="h">monografia</subfield>
  </datafield>
  <datafield tag="250" ind1=" " ind2=" ">
    <subfield code="a">17a ed.</subfield>
  </datafield>
  <datafield tag="260" ind1=" " ind2=" ">
    <subfield code="a">M&#xE9;xico </subfield>
    <subfield code="b">: Siglo XXI</subfield>
    <subfield code="c">, 2003</subfield>
  </datafield>
  <datafield tag="300" ind1=" " ind2=" ">
    <subfield code="a">262 p&#xE1;ginas.</subfield>
  </datafield>
  <datafield tag="337" ind1=" " ind2=" ">
    <subfield code="a">texto</subfield>
  </datafield>
  <datafield tag="338" ind1=" " ind2=" ">
    <subfield code="a">sin medio</subfield>
  </datafield>
  <datafield tag="339" ind1=" " ind2=" ">
    <subfield code="a">volumen</subfield>
  </datafield>
  <datafield tag="440" ind1=" " ind2=" ">
    <subfield code="a">Educaci&#xF3;n</subfield>
  </datafield>
  <datafield tag="500" ind1=" " ind2=" ">
    <subfield code="a">Plan Flexible /
Licenciatura en Pedagogia /
TEOR&#xCD;AS SOCIOL&#xD3;GICAS DE LA EDUCACI&#xD3;N II (B16) /
3 ejemplares: 14 000798, 14 000799, 14 000800
</subfield>
  </datafield>
  <datafield tag="505" ind1=" " ind2=" ">
    <subfield code="a">Introducci&#xF3;n 
1. La colonia 
2. Fin de la Nueva espa&#xF1;a 
3. Educaci&#xF3;n para la libertad 
4. Naci&#xF3;n semicolonial 
5. Reorganizaci&#xF3;n nacional 
6. El sistema pol&#xED;tico 
7. Posici&#xF3;n ideol&#xF3;gica de la universidad 
8. La era de C&#xE1;rdenas
 9. Sociedades an&#xF3;nimas: rum</subfield>
  </datafield>
  <datafield tag="650" ind1="1" ind2="0">
    <subfield code="a">EDUCACI&#xD3;N</subfield>
    <subfield code="v">-HISTORIA</subfield>
    <subfield code="z">- MEXICO</subfield>
  </datafield>
  <datafield tag="651" ind1=" " ind2=" ">
    <subfield code="a">SOCIOLOGIA DE LA EDUCACION</subfield>
  </datafield>
  <datafield tag="942" ind1=" " ind2=" ">
    <subfield code="c">LB</subfield>
  </datafield>
  <datafield tag="952" ind1=" " ind2=" ">
    <subfield code="0">0</subfield>
    <subfield code="1">0</subfield>
    <subfield code="4">0</subfield>
    <subfield code="7">0</subfield>
    <subfield code="a">14</subfield>
    <subfield code="b">14</subfield>
    <subfield code="d">2007-10-09</subfield>
    <subfield code="l">1</subfield>
    <subfield code="o">LA421 R62 2003</subfield>
    <subfield code="p">14 000798</subfield>
    <subfield code="r">2019-02-26</subfield>
    <subfield code="s">2019-02-26</subfield>
    <subfield code="t">1</subfield>
    <subfield code="w">2012-10-28</subfield>
    <subfield code="y">LB</subfield>
  </datafield>
  <datafield tag="952" ind1=" " ind2=" ">
    <subfield code="0">0</subfield>
    <subfield code="1">0</subfield>
    <subfield code="4">0</subfield>
    <subfield code="7">0</subfield>
    <subfield code="a">14</subfield>
    <subfield code="b">14</subfield>
    <subfield code="d">2007-10-09</subfield>
    <subfield code="l">4</subfield>
    <subfield code="o">LA421 R62 2003</subfield>
    <subfield code="p">14 000799</subfield>
    <subfield code="r">2019-02-26</subfield>
    <subfield code="s">2019-02-26</subfield>
    <subfield code="t">2</subfield>
    <subfield code="w">2012-10-28</subfield>
    <subfield code="y">LB</subfield>
  </datafield>
  <datafield tag="952" ind1=" " ind2=" ">
    <subfield code="0">0</subfield>
    <subfield code="1">0</subfield>
    <subfield code="4">0</subfield>
    <subfield code="7">0</subfield>
    <subfield code="a">14</subfield>
    <subfield code="b">14</subfield>
    <subfield code="d">2007-10-09</subfield>
    <subfield code="l">5</subfield>
    <subfield code="o">LA421 R62 2003</subfield>
    <subfield code="p">14 000800</subfield>
    <subfield code="r">2019-02-26</subfield>
    <subfield code="s">2019-02-26</subfield>
    <subfield code="t">3</subfield>
    <subfield code="w">2012-10-28</subfield>
    <subfield code="y">LB</subfield>
  </datafield>
  <datafield tag="952" ind1=" " ind2=" ">
    <subfield code="0">0</subfield>
    <subfield code="1">0</subfield>
    <subfield code="2">lcc</subfield>
    <subfield code="4">0</subfield>
    <subfield code="7">0</subfield>
    <subfield code="a">14</subfield>
    <subfield code="b">14</subfield>
    <subfield code="d">2013-03-04</subfield>
    <subfield code="l">8</subfield>
    <subfield code="m">3</subfield>
    <subfield code="o">LA421 R62 2003</subfield>
    <subfield code="p">14 004853</subfield>
    <subfield code="r">2019-03-30</subfield>
    <subfield code="s">2019-03-23</subfield>
    <subfield code="t">4</subfield>
    <subfield code="w">2014-01-28</subfield>
    <subfield code="y">LB</subfield>
  </datafield>
  <datafield tag="999" ind1=" " ind2=" ">
    <subfield code="c">84668</subfield>
    <subfield code="d">84668</subfield>
  </datafield>
</record>
